Logo of clothing brands - Statistics

General Stats
  • This quiz has been taken 3,622 times
  • The average score is 10 of 12
Answer Stats
Picture Answer % Correct
Nike
99%
Levi's
95%
Gucci
94%
Louis Vuitton
93%
Jordan
91%
New Balance
88%
The North Face
85%
Under Armour
85%
Converse
82%
Lacoste
80%
Umbro
60%
Karl Lagerfeld
33%
No matching quizzes found
Score Distribution
Percent of People with Each Score
Percentile by Number Answered
Your Score History
You have not taken this quiz